|
|
|
|
| LEADER |
00000cam a2200000 7i4500 |
| 001 |
0000003998 |
| 005 |
20040209093000.0 |
| 008 |
021118s1986 |
| 020 |
|
|
|a 0835944883
|
| 090 |
0 |
0 |
|a TA210
|b .M23
|
| 100 |
0 |
|
|a McDonald, Phillip R. ,
|e author
|
| 245 |
1 |
4 |
|a The mechanical contractor's handbook of claims avoidance and management
|c Phlillip R. McDonald, Richard W. Lamb
|
| 260 |
2 |
|
|a Reston, Va. :
|b Reston ,
|c 1986
|
| 300 |
|
|
|a 249 p. ;
|c 25 cm.
|
| 500 |
|
|
|a Includes index
|
| 650 |
|
0 |
|a Contractors
|x Handbooks, manuals, etc.
|
| 700 |
0 |
|
|a Lamb, Richard W. ,
|e author
|
| 999 |
|
|
|a 1000051277
|b Book
|c Reference
|e Gong Badak Campus
|